000 00510cam a2200157 4500500
005 20260329003406.0
041 _afre
042 _adc
100 1 0 _aPersonne, Thomas
_eauthor
245 0 0 _aHistoire de la philosophie occidentale
260 _c2015.
500 _a40
690 _aHistoire de la philosophie
786 0 _nPhilosophie magazine | 91 | 8 | 2015-07-01 | p. 61-61 | 1951-1787
856 4 1 _uhttps://shs.cairn.info/magazine-philosophie-magazine-2015-8-page-61?lang=fr&redirect-ssocas=7080
999 _c1824195
_d1824195